100 Best Movies of All Time (according to Rotten Tomatoes) - Statistics

General Stats
  • This quiz has been taken 1,360 times
    1,328 since last reset
  • The average score is 14 of 100
Answer Stats
Year Rating Answer % Correct
1931 100% M
62%
1939 94% Gone With the Wind
59%
1972 99% The Godfather
56%
1942 97% Casablanca
54%
1941 100% Citizen Kane
52%
2015 92% Star Wars: Episode VIII-The Force Awakens
50%
1960 96% Psycho
36%
1995 100% Toy Story
36%
1982 98% ET: The Extra Terrestrial
33%
1939 99% The Wizard of Oz
30%
1975 97% Jaws
29%
2008 94% The Dark Knight
28%
1974 97% The Godfather Part 2
25%
1958 97% Vertigo
25%
1954 100% Rear Window
24%
1999 100% Toy Story 2
24%
2010 99% Toy Story 3
24%
1976 99% Taxi Driver
23%
1957 100% 12 Angry Men
22%
1959 100% North by North West
21%
1952 100% Singin' In The Rain
21%
1937 98% Snow White and the Seven Dwarves
21%
1979 97% Alien
19%
1962 97% Lawrence of Arabia
18%
2009 98% Up
18%
2003 99% Finding Nemo
17%
2016 99% Moonlight
17%
1954 98% On the Waterfront
17%
1950 100% All About Eve
16%
1964 99% Dr Strangelove or How I Stopped Worrying and Learned to Love the Bomb
16%
2011 96% Harry Potter and the Deathly Hallows Part 2
16%
1927 99% Metropolis
16%
1936 100% Modern Times
16%
2008 96% WALL-E
16%
1966 97% The Good, The Bad and The Ugly
15%
1974 98% Chinatown
14%
2015 98% Inside Out
14%
1950 98% Sunset Boulevard
14%
2013 96% 12 Years a Slave
13%
1977 99% Annie Hall
13%
1933 98% King Kong
13%
1934 98% It Happened One Night
12%
2015 97% Mad Max: Fury Road
12%
1956 100% Seven Samurai
12%
2015 96% Spotlight
12%
1951 98% A Streetcar Named Desire
11%
1941 100% The Maltese Falcon
11%
1949 100% The Third Man
11%
1940 100% Rebecca
10%
1930 100% All Quiet on the Western Front
9%
2012 96% Argo
9%
1931 100% Frankenstein
9%
2013 96% Gravity
9%
1952 96% High Noon
9%
1922 97% Nosferatu
9%
1940 100% Pinocchio
9%
2011 97% The Artist
9%
2009 95% Star Trek
8%
1940 100% The Grapes of Wrath
8%
1940 100% The Philadelphia Story
8%
1997 99% LA Confidential
7%
1968 99% Rosemary's Baby
7%
2012 93% Skyfall
7%
2009 98% The Hurt Locker
7%
1948 100% The Treasure of the Sierra Madre
7%
2014 98% Boyhood
6%
1967 100% Cool Hand Luke
6%
1951 100% Rashomon
6%
1953 98% Roman Holiday
6%
2016 98% Zootopia
6%
2016 94% Arrival
5%
1938 100% The Adventures of Robin Hood
5%
1920 100% The Cabinet of Dr Caligari
5%
1953 100% Tokyo Story
5%
1964 98% A Hard Day's Night
4%
1925 100% Battleship Potemkin
4%
1949 98% Bicycle Thieves
4%
1944 100% Laura
4%
2015 99% Selma
4%
1935 98% The 39 Steps
4%
1959 100% The 400 Blows
4%
2016 95% The Jungle Book
4%
1971 100% The Last Picture Show
4%
1959 100% Anatomy of a Murder
3%
1969 97% Army of Shadows
3%
1958 96% A Touch of Evil
3%
2015 97% Brooklyn
3%
2016 98% Hell or High Water
3%
2015 97% It Follows
3%
1938 97% Le Grande Illusion
3%
2008 100% Man on Wire
3%
1946 100% Open City
3%
1965 100% Repulsion
3%
2014 98% The Babadook
3%
1967 99% The Battle of Algiers
3%
1935 100% The Bride of Frankenstein
3%
1970 100% The Conformist
3%
1955 98% The Night of the Hunter
3%
1953 100% The Wages of Fear
3%
2008 98% The Wrestler
3%
No matching quizzes found
Score Distribution
Percent of People with Each Score
Percentile by Number Answered
Your Score History
You have not taken this quiz since the last reset